THE THEORY AND PRACTICE OF INDUSRIAL PHARMACY (Record no. 1214601)

MARC details
000 -LEADER
fixed length control field 00395nam a2200145Ia 4500
008 - FIXED-LENGTH DATA ELEMENTS--GENERAL INFORMATION
fixed length control field 250102s2013 xx 000 0 und d
020 ## - INTERNATIONAL STANDARD BOOK NUMBER
International Standard Book Number 978-81-239-2289-8
041 ## - LANGUAGE CODE
Language code of text/sound track or separate title eng
082 ## - DEWEY DECIMAL CLASSIFICATION NUMBER
Classification number 615.191KAR/ROO
100 ## - MAIN ENTRY--PERSONAL NAME
Personal name KHAR/ROOP
245 ## - TITLE STATEMENT
Title THE THEORY AND PRACTICE OF INDUSRIAL PHARMACY
Remainder of title PHARMACEUTICS
250 ## - EDITION STATEMENT
Edition statement 4th.ed.
260 ## - PUBLICATION, DISTRIBUTION, ETC.
Place of publication, distribution, etc. NEW DELHI
Name of publisher, distributor, etc. C.B.S PUBLISHER
Date of publication, distribution, etc. 2013
300 ## - PHYSICAL DESCRIPTION
Extent 1203p
Holdings
Withdrawn status Lost status Damaged status Not for loan Home library Current library Date acquired Cost, normal purchase price Total Checkouts Full call number Barcode Date last seen Price effective from Koha item type
        Institute of Pharmacy, Navi Mumbai Institute of Pharmacy, Navi Mumbai 25/09/2025 895.00   615.191KAR/ROO IPM-10951 02/01/2026 02/01/2026 Book